Ionic liquids in synthesis (Record no. 1959)

000 -LEADER
fixed length control field 00544nam a22002297a 4500
001 - CONTROL NUMBER
control field 1959
003 - CONTROL NUMBER IDENTIFIER
control field BD-DhUET
008 - FIXED-LENGTH DATA ELEMENTS--GENERAL INFORMATION
fixed length control field 0
020 ## - INTERNATIONAL STANDARD BOOK NUMBER
International Standard Book Number 9783527312399
040 ## - CATALOGING SOURCE
Transcribing agency 0
Modifying agency BD-DhUET
082 ## - DEWEY DECIMAL CLASSIFICATION NUMBER
Classification number 547.2
Item number WAS/2008
100 ## - MAIN ENTRY--PERSONAL NAME
Personal name Wasserscheid, Peter
245 ## - TITLE STATEMENT
Title Ionic liquids in synthesis
250 ## - EDITION STATEMENT
Edition statement 2nd rev.enl.ed.
260 ## - PUBLICATION, DISTRIBUTION, ETC. (IMPRINT)
Place of publication, distribution, etc. Weinheim
Name of publisher, distributor, etc. WILEY-VCH Verlag GmbH
Date of publication, distribution, etc. 2008
300 ## - PHYSICAL DESCRIPTION
Extent xxv, 367 p.
501 ## - WITH NOTE
With note Volume 1
504 ## - BIBLIOGRAPHY, ETC. NOTE
Bibliography, etc Includes bibliographies
650 #0 - SUBJECT ADDED ENTRY--TOPICAL TERM
Topical term or geographic name as entry element Organic compounds-Synthesis
700 ## - ADDED ENTRY--PERSONAL NAME
Personal name Welton, Tom
942 ## - ADDED ENTRY ELEMENTS (KOHA)
Koha item type Edited Book
Holdings
Source of classification or shelving scheme Not for loan Koha full call number Copy number Withdrawn status Lost status Price effective from Koha date last seen Damaged status Sublocation or collection (holding branch) Location (home branch) Koha item type Shelving location Piece designation (barcode) Date acquired Koha normalized classification for sorting
  547.2/WAS/20081  2014-09-152014-09-15 Central Library, BUETCentral Library, BUETEdited BookCirculation section1069972014-09-15547_000000000000000_2WAS2008
  547.2/WAS/20082  2014-09-152014-09-15 Central Library, BUETCentral Library, BUETEdited BookCirculation section1069992014-09-15547_000000000000000_2WAS2008
  547.2/WAS/20083  2017-04-042017-04-04 Central Library, BUETCentral Library, BUETEdited BookCirculation section1069982009-05-16547_200000000000000_WAS_2008